<?xml version="1.0" encoding="UTF-8"?><marc:collection xmlns:marc="http://www.loc.gov/MARC21/slim">
  <marc:record>
    <marc:leader>00000nam##2200000za#4500</marc:leader>
    <marc:controlfield tag="001">9.639104</marc:controlfield>
    <marc:controlfield tag="003">CaOODSP</marc:controlfield>
    <marc:controlfield tag="005">20221104105554</marc:controlfield>
    <marc:controlfield tag="007">cr |||||||||||</marc:controlfield>
    <marc:controlfield tag="008">150407|2008||||xxc|||||o    f|0| 0 fre|d</marc:controlfield>
    <marc:datafield tag="040" ind1=" " ind2=" ">
      <marc:subfield code="a">CaOODSP</marc:subfield>
      <marc:subfield code="b">fre</marc:subfield>
    </marc:datafield>
    <marc:datafield tag="043" ind1=" " ind2=" ">
      <marc:subfield code="a">n-cn---</marc:subfield>
    </marc:datafield>
    <marc:datafield tag="086" ind1="1" ind2=" ">
      <marc:subfield code="a">R62-425/2008F-PDF</marc:subfield>
    </marc:datafield>
    <marc:datafield tag="110" ind1="2" ind2=" ">
      <marc:subfield code="a">Parcs Canada.</marc:subfield>
    </marc:datafield>
    <marc:datafield tag="245" ind1="1" ind2="0">
      <marc:subfield code="a">Parcs Canada - évolution de l'Agence depuis le rapport Première priorité </marc:subfield>
      <marc:subfield code="h">[ressource électronique]</marc:subfield>
    </marc:datafield>
    <marc:datafield tag="246" ind1="1" ind2=" ">
      <marc:subfield code="i">Autre titre cité pour la publication : </marc:subfield>
      <marc:subfield code="a">Rapport 2008 sur le progrès réalisé par l’Agence depuis Première priorité</marc:subfield>
    </marc:datafield>
    <marc:datafield tag="260" ind1=" " ind2=" ">
      <marc:subfield code="a">Ottawa - Ontario : </marc:subfield>
      <marc:subfield code="b">Parcs Canada </marc:subfield>
      <marc:subfield code="c">2008.</marc:subfield>
    </marc:datafield>
    <marc:datafield tag="300" ind1=" " ind2=" ">
      <marc:subfield code="a">44p.</marc:subfield>
    </marc:datafield>
    <marc:datafield tag="500" ind1=" " ind2=" ">
      <marc:subfield code="a">«Ce rapport décrit la progression de l'application des mesures déjà prises, celles prises en ce moment ou qui seront prises dans l'avenir, et ce, en réponse aux 127 recommandations de la Commission sur l'intégrité écologique des parcs nationaux du Canada ... Les tableaux qui suivent comprennent des références au Plan d'action de Parcs Canada (2000), sur lequel est basé le rapport Première priorité (2001).»--Page 8 de 44.</marc:subfield>
    </marc:datafield>
    <marc:datafield tag="590" ind1=" " ind2=" ">
      <marc:subfield code="a">11-17-Supp</marc:subfield>
      <marc:subfield code="b">2011-09-12</marc:subfield>
    </marc:datafield>
    <marc:datafield tag="775" ind1="0" ind2="8">
      <marc:subfield code="t">Parks Canada - status on agency progress since first priority </marc:subfield>
      <marc:subfield code="w">(CaOODSP)9.694943</marc:subfield>
    </marc:datafield>
    <marc:datafield tag="856" ind1="4" ind2="0">
      <marc:subfield code="a">http://publications.gc.ca</marc:subfield>
      <marc:subfield code="q">PDF</marc:subfield>
      <marc:subfield code="s">561 Ko</marc:subfield>
      <marc:subfield code="u">https://publications.gc.ca/collections/collection_2011/pc/R62-425-2008-fra.pdf </marc:subfield>
    </marc:datafield>
  </marc:record>
</marc:collection>
